All Defqon.1 Anthems - Statistics

General Stats
  • This quiz has been taken 19 times
  • The average score is 13 of 33
Answer Stats
Year Artist Anthem % Correct
2009 Headhunterz Scrap Attack
85%
2015 Rand-D ft. Skits Vicious No Guts, No Glory
77%
2015 Frontliner & Dillytek No Guts, No Glory!
77%
2012 Headhunterz & Wildstylez vs. Noisecontrollers World of Madness
77%
2019 Keltek, Phuture Noize & Sefa One Tribe
69%
2̶0̶2̶0̶ D-Block & S-te-Fan Primal Energy
69%
2̶0̶2̶1̶ D-Block & S-te-Fan Primal Energy
69%
2022 D-Block & S-te-Fan Primal Energy
69%
2013 Frontliner Weekend Warriors
62%
2018 Project One Maximum Force
54%
2009 Zany Maximum Force
54%
2010 Wildstylez No Time To Waste
54%
2023 Sub Zero Project Path Of The Warrior
54%
2017 Frequencerz Victory Forever
46%
2003 (not official) DHHD 30 Minutes
38%
2016 Bass Modulators Dragonblood
38%
2016 Code Black, Audiofreq & Toneshifterz Dragonblood
38%
2016 Frontliner Dragonblood
38%
2011 Noisecontrollers Unite
38%
2014 Coone Survival of the Fittest
31%
2018 Coone Dedicated To The Core
23%
2006 Showtek The Colour of the Harder Styles
23%
2017 D-Block & S-te-Fan The Eye Of The Storm
23%
2004 (not official) Tuneboy Demolition
15%
2005 The Prophet Emergency Call
15%
2007 Brennan Heart Get Wasted
15%
2011 Toneshifterz Psychedelic Wasteland
15%
2010 Headhunterz Save your Scrap for Victory
8%
2013 Brennan Heart Scrap the System
8%
2012 Wildstylez True Rebel Freedom
8%
2014 Code Black Unleash The Beast
8%
2015 Wildstylez Unleash The Beast
8%
2008 Luna & Deepack Biological Isanity
0%
No matching quizzes found
Score Distribution
Percent of People with Each Score
Percentile by Number Answered
Your Score History
You have not taken this quiz